|
|
|
|
| LEADER |
00000nam2a2200000 4500 |
| 001 |
319002 |
| 005 |
20231102003133.0 |
| 035 |
|
|
|a (RuTPU)RU\TPU\book\344507
|
| 035 |
|
|
|a RU\TPU\book\344093
|
| 090 |
|
|
|a 319002
|
| 100 |
|
|
|a 20160516d2016 k y0rusy50 ca
|
| 101 |
0 |
|
|a rus
|
| 102 |
|
|
|a RU
|
| 105 |
|
|
|a a z 001zy
|
| 200 |
0 |
|
|a № 4, 2016
|f гл. ред. Л. Х. Гитис
|
| 210 |
|
|
|d 2016
|
| 215 |
|
|
|a 430 с.
|c ил.
|
| 320 |
|
|
|a Библиография в конце статей
|
| 461 |
|
1 |
|0 (RuTPU)RU\TPU\book\86561
|t Горный информационно-аналитический бюллетень
|o (научно-технический журнал)
|f Московский государственный горный университет (МГГУ)
|v № 4, 2016
|d 2005-
|
| 606 |
1 |
|
|a Горное дело
|2 stltpush
|3 (RuTPU)RU\TPU\subj\7566
|9 35173
|
| 610 |
1 |
|
|a технические науки
|
| 610 |
1 |
|
|a медные руды
|
| 610 |
1 |
|
|a подземная добыча
|
| 610 |
1 |
|
|a энергосбережение
|
| 610 |
1 |
|
|a машины
|
| 610 |
1 |
|
|a приводы
|
| 610 |
1 |
|
|a гранулированные взрывчатые вещества
|
| 610 |
1 |
|
|a пирофорность
|
| 610 |
1 |
|
|a пневматическое транспортирование
|
| 610 |
1 |
|
|a машины ударного действия
|
| 610 |
1 |
|
|a шахтные вентиляторы
|
| 610 |
1 |
|
|a сжиженные углеводородные газы
|
| 610 |
1 |
|
|a трубопроводы
|
| 610 |
1 |
|
|a геология
|
| 610 |
1 |
|
|a Заполярье
|
| 610 |
1 |
|
|a породные отвалы
|
| 610 |
1 |
|
|a рекультивация
|
| 610 |
1 |
|
|a рудные месторождения
|
| 610 |
1 |
|
|a добыча
|
| 610 |
1 |
|
|a интенсификация
|
| 610 |
1 |
|
|a открытые горные выработки
|
| 610 |
1 |
|
|a уголь
|
| 610 |
1 |
|
|a смерзаемость
|
| 610 |
1 |
|
|a исследование
|
| 610 |
1 |
|
|a скальные массивы
|
| 610 |
1 |
|
|a научные исследования
|
| 610 |
1 |
|
|a депонированные рукописи
|
| 675 |
|
|
|a 622
|v 3
|
| 702 |
|
1 |
|a Гитис
|b Л. Х.
|4 651
|
| 801 |
|
1 |
|a RU
|b 63413507
|c 20110204
|
| 801 |
|
2 |
|a RU
|b 63413507
|c 20170202
|g RCR
|
| 942 |
|
|
|c BK
|